000 00387nam a2200169Ia 4500
005 20251020182600.0
008 200515s9999 xx 000 0 und d
082 _aSC/331.833(851.1)/S83
100 _aSTRASSMANN, Paul
245 0 _aEmpleo y vivienda en el PerĂº
260 _aLima
260 _c1984
650 _aEMPLEO
650 _aTRABAJO
650 _aVIVIENDAS
942 _cLIB
999 _c3020
_d3020